[Event "Irish New Year Events-IM2 2020"]
[Site "Dublin"]
[Date "2020.01.03"]
[Round "1.11"]
[White "Han, Yichen"]
[Black "Baburin, Alexander"]
[Result "1/2-1/2"]
[WhiteElo "2257"]
[BlackElo "2419"]
[Annotator "TA"]
[PlyCount "31"]
[EventDate "2020.01.02"]
[EventType "tourn"]
[EventCountry "IRL"]
[SourceTitle "playchess.com"]
[Source "ChessBase"]
[SourceQuality "1"]

{[%evp 25,31,23,31,28,37,27,64,32]} 1. e4 Nf6 2. e5 Nd5 3. d4 d6 4. Nf3 Bg4 5. Be2 e6 6. O-O Be7 7. c4 Nb6 8. Nc3 O-O 9. Be3 Nc6 10. exd6 cxd6 11. d5 exd5 12. Nxd5 Nxd5 13. Qxd5 Bf6 14. Rfd1 {B05: Alekhine's Defence: 4 Nf3 Bg4} Re8 15. Rd2 Qa5 $146 ({Predecessor:} 15... Qe7 16. Rad1 Rac8 17. h3 Be6 18. Qb5 a6 19. Qb6 Be5 20. Nxe5 dxe5 21. b3 f5 {1-0 (36) Gruenfeld,Y (2550)-Zilberman,Y (2460) Rishon Le Ziyyon 1994}) 16. Qb5 1/2-1/2

[Event "Irish New Year Events-IM2 2020"]
[Site "Dublin"]
[Date "2020.01.03"]
[Round "1.12"]
[White "Daly, Colm"]
[Black "Alienkin, Aleksander"]
[Result "1-0"]
[WhiteElo "2238"]
[BlackElo "2382"]
[Annotator "TA"]
[PlyCount "73"]
[EventDate "2020.01.02"]
[EventType "tourn"]
[EventCountry "IRL"]
[SourceTitle "playchess.com"]
[Source "ChessBase"]
[SourceQuality "1"]

{[%evp 9,73,21,21,16,26,18,22,13,13,3,4,-17,0,-7,-1,-8,10,9,0,-26,-26,-37,-41,-29,23,-38,-47,-40,0,0,2,-70,-25,-92,-88,-66,-6,-74,43,52,115,103,117,116,204,199,287,282,525,513,598,397,513,512,676,676,640,635,602,584,1046,1033,1000,982,1122,1118]} 1. e4 c5 2. Nc3 Nc6 3. Nf3 e5 4. Bc4 Be7 5. d3 Nf6 6. Bg5 {B30: Sicilian: 2...Nc6 3 Bb5, lines without ...g6} (6. O-O d6 7. Ng5 O-O 8. f4 Bg4 9. Qe1 exf4 10. Rxf4 Bh5 11. Nf3 a6 12. a4 Bxf3 13. Rxf3 Nd4 14. Rf2 Ng4 15. Rf4 Ne5 16. Qd1 {½-½ (50) So,W (2754)-Topalov,V (2740) Abidjan 2019}) 6... d6 7. Bxf6 Bxf6 8. a3 {The position is equal.} O-O 9. h3 Kh8 $146 ({Predecessor:} 9... g6 10. Nd5 Bg7 11. c3 Kh8 12. g4 f5 13. gxf5 gxf5 14. Rg1 Bh6 15. h4 fxe4 16. dxe4 {½-½ (49) Lagarde,M (2501)-Kriebel,T (2359) Maribor 2012}) 10. Ne2 Bg5 11. c3 f5 12. b4 cxb4 13. axb4 Bh6 14. Ra2 Ne7 15. Qb3 Bd7 16. Be6 Bc6 (16... fxe4 $142 17. dxe4 Bc6) 17. Ng3 (17. b5 $1 $11 Be8 18. O-O) 17... fxe4 $15 18. dxe4 Bf4 {Hoping for ...Bxg3.} 19. b5 Be8 $1 20. Nf5 (20. O-O $11) 20... Nxf5 (20... d5 $5 {[%cal Rd5e4]} 21. Nxe7 dxe4 $17) 21. Bxf5 (21. exf5 $11 Qb6 22. c4) 21... Qb6 22. c4 Bf7 (22... d5 $15 23. g3 (23. cxd5 Bxb5 24. Bg4 Rf7 $15) 23... Bh6 24. cxd5 Bxb5) 23. h4 (23. g3 $11 {remains equal.} Bh6 24. O-O) 23... Bh5 (23... Qc5 $17 24. Rc2 g6) 24. Ng5 $1 $14 Bxg5 (24... a5 $14) 25. hxg5 $16 g6 26. Be6 Rae8 (26... Rf4 $16 {is a better defense.}) 27. Bd5 $18 Qd4 (27... Bg4 $142 28. Qe3 Be6) 28. O-O (28. Bxb7 Rb8 $11) 28... Qb6 $2 {[#]} (28... Bg4 29. Qa4 (29. Bxb7 Be6 $16) 29... Ra8 30. Bxb7 Rae8) 29. Qe3 Qd8 {and the idea ...Rf4 leaves Black hopeful.} 30. f4 exf4 31. Rxf4 {White is clearly winning.} Qb6 32. Qxb6 axb6 33. Raf2 Rxf4 34. Rxf4 Be2 35. Kf2 Bd1 36. Rf7 Bc2 37. Ke3 {Accuracy: White = 50%, Black = 32%.} 1-0

[Event "Irish New Year Events-IM2 2020"]
[Site "Dublin"]
[Date "2020.01.03"]
[Round "1.13"]
[White "Carroll, Peter"]
[Black "Froewis, Georg"]
[Result "0-1"]
[WhiteElo "2087"]
[BlackElo "2470"]
[Annotator "TA"]
[PlyCount "120"]
[EventDate "2020.01.02"]
[EventType "tourn"]
[EventCountry "IRL"]
[SourceTitle "playchess.com"]
[Source "ChessBase"]
[SourceQuality "1"]

{[%evp 9,120,41,55,52,54,52,52,30,46,46,31,27,31,20,45,29,41,9,50,25,58,29,77,62,78,18,14,0,0,-29,-28,-28,-38,-43,31,32,26,33,37,27,20,12,9,-25,0,0,0,0,0,0,0,0,0,0,0,0,0,0,0,-9,-9,-52,-2,-71,-73,-65,-68,-185,-185,-180,-183,-185,-170,-178,-178,-175,-175,-282,-159,-239,-136,-160,-168,-256,-256,-254,-254,-477,-443,-475,-468,-572,-536,-591,-583,-547,-383,-5517,-5381,-6122,-6115,-29974,-29975,-29974,-29975,-29978,-29978,-29979,-29980,-29979,-29980,-29977,-29978]} 1. e4 d5 2. exd5 Qxd5 3. Nc3 Qd6 4. d4 Nf6 5. Nf3 Nc6 (5... g6 6. Nb5 Qd8 7. c4 c6 8. Nc3 Bg4 9. Be2 Bg7 10. h3 Bxf3 11. Bxf3 Nbd7 12. O-O O-O 13. Re1 {1-0 (41) Caruana,F (2819)-Nakamura,H (2754) Paris 2019}) 6. Nb5 {B01: Scandinavian Defence} Qd8 7. c4 e6 8. Bf4 {White is slightly better.} Bb4+ 9. Nc3 $146 ({Predecessor:} 9. Nd2 Ba5 10. Be3 O-O 11. a3 a6 12. Nc3 Nxd4 13. b4 {0-1 (28) Bieszk,S (815)-Grimm,W (1300) LSS email 2011}) 9... O-O 10. Bd3 Bd6 11. Bg3 b6 12. O-O Bb7 13. Re1 Ne7 14. Ne5 Ng6 15. Nb5 Ne8 16. Nxd6 Nxd6 17. Qh5 (17. Qd2 $16) 17... Nf5 $1 $11 18. Rad1 Nxd4 19. Be4 Bxe4 20. Rxe4 c5 {And now ...Nxe5 would win.} 21. Nc6 $1 {[%cal Rc6d8]} Qe8 (21... Nxc6 $15 22. Rxd8 Raxd8) 22. Nxd4 $14 cxd4 23. Rexd4 e5 24. Rd7 f5 25. Bh4 e4 26. Bg5 Ne5 27. Qxe8 Rfxe8 28. Rc7 Rec8 29. Re7 Nd3 30. b3 Re8 31. f3 Rxe7 32. Bxe7 $11 {[%mdl 4096] Endgame KRB-KRN} Kf7 33. fxe4 fxe4 34. Bh4 Ke6 35. Bg3 Rc8 36. Rd2 {[#]} (36. Kf1 $11) 36... b5 $1 $17 {[%mdl 512]} 37. Rc2 (37. cxb5 Rc1+) 37... bxc4 38. Rxc4 ({Only move:} 38. bxc4 $15 Nb4 39. Rc3) 38... Rxc4 $19 39. bxc4 $15 {KB-KN} Ne5 40. c5 Kd5 41. Kf2 Nd3+ 42. Ke3 Nxc5 43. Bb8 (43. Be1 $142) 43... a6 ({Black should try} 43... a5 $19 44. Bc7 a4) 44. Ba7 {[#]} (44. Bc7 $17 {might work better.}) 44... Ne6 (44... a5 $1 $19 45. Bb6 a4) 45. Bb8 Nd4 46. g4 (46. Kd2 $142) 46... Nc2+ $19 47. Kd2 Nb4 48. a3 $2 (48. a4) 48... Nd3 49. Ke3 Ne5 50. Kf4 Nc4 51. a4 Nb2 52. a5 Nd3+ 53. Kf5 $2 (53. Ke3 Ne5 54. Kf2) 53... e3 54. Bg3 e2 55. g5 e1=Q {Black mates.} 56. Bxe1 Nxe1 57. h4 Nc2 58. h5 Nd4+ 59. Kf4 g6 60. h6 Nc6 {Accuracy: White = 33%, Black = 69%.} 0-1

[Event "Irish New Year Events-IM2 2020"]
[Site "Dublin"]
[Date "2020.01.03"]
[Round "1.14"]
[White "Abdulla, Murad"]
[Black "Haque, Muhtarim-Ul"]
[Result "0-1"]
[WhiteElo "2257"]
[BlackElo "2045"]
[Annotator "TA"]
[PlyCount "76"]
[EventDate "2020.01.02"]
[EventType "tourn"]
[EventCountry "IRL"]
[SourceTitle "playchess.com"]
[Source "ChessBase"]
[SourceQuality "1"]

{[%evp 25,78,0,0,0,23,0,36,57,88,62,60,61,60,29,37,24,46,27,33,22,31,22,66,16,48,30,35,0,14,3,43,20,68,17,72,39,738,156,138,-22,-13,-8,78,0,0,-1,14,-491,-477,-498,-487,-532,-529,-29996,-29997]} 1. e4 e6 2. d4 d5 3. Nd2 c5 4. exd5 Qxd5 5. Ngf3 cxd4 6. Bc4 Qd7 7. O-O Nc6 8. Nb3 Nf6 9. Nbxd4 Nxd4 10. Nxd4 a6 11. a4 Bd6 12. h3 Qc7 13. Qe2 O-O 14. c3 {C07: French Tarrasch: 3...c5, 4 Ngf3 and 4 exd5 Qxd5} (14. Bg5 Ne4 15. Bh4 Nd2 16. Qxd2 Qxc4 17. Rfd1 Re8 18. b3 Qc5 19. Ne2 Bf8 20. a5 e5 21. Bg5 Bf5 {1-0 (46) Polgar,J (2693)-Jianu,V (2574) Yerevan 2014}) 14... e5 15. Nf3 Nh5 $146 ({Predecessor:} 15... e4 16. Nd4 Qc5 17. Be3 Qe5 18. f4 exf3 19. Nxf3 Qg3 20. Qf2 Qxf2+ 21. Bxf2 Bd7 {1-0 (64) Barua,D (2515)-Barsov,A (2445) Antwerp 1997}) 16. Rd1 {White is slightly better.} Nf4 17. Bxf4 exf4 18. Bd5 Rb8 19. Nd4 g6 20. Qf3 Qe7 21. Re1 Qf6 22. a5 Kh8 23. Rad1 Rg8 24. Be4 Bc7 25. b4 $36 {[%mdl 2048] White is pushing.} Kg7 26. Rd3 h5 27. Qd1 Kh6 28. Bf3 Qg5 29. Kh1 (29. Qb3 $14) 29... Qh4 (29... Qf6 $11) 30. Qd2 g5 $2 {[%mdl 8192]} (30... Rd8 $14) 31. Be4 $2 (31. Re7 $18 {has better winning chances.} g4 32. Rxc7) 31... g4 $16 {[%cal Rg4h3] [#]} 32. Nf5+ $2 ({White must play} 32. g3 $1 $16 {[%cal Rg3h4]} Qg5 33. h4) 32... Bxf5 $1 $11 33. Bxf5 Qg5 {[#]} (33... Rbd8 $11 {keeps the balance.}) 34. Rd5 (34. hxg4 $1 $16 {Strongly threatening Rd7.} Rbd8 35. Rxd8 Bxd8 36. Re4) 34... Rbd8 {Hoping for ...gxh3.} 35. Be4 f5 {Threatens to win with ...Rge8.} 36. Bxf5 $2 {[%mdl 8192] [#]} (36. Rxd8 $11 {and White is okay.} Rxd8 37. Bd5) 36... Qxf5 $1 $19 {[%mdl 512]} 37. Rxf5 {Intending Qa2 and mate.} Rxd2 38. Rf7 {[#]} Rc8 {Played: Bc7-e5} 0-1

[Event "Irish New Year Events-IM2 2020"]
[Site "Dublin"]
[Date "2020.01.03"]
[Round "1.15"]
[White "Kanyamarala, Trisha"]
[Black "Melaugh, Gavin"]
[Result "1-0"]
[WhiteElo "2195"]
[BlackElo "2076"]
[Annotator "TA"]
[PlyCount "63"]
[EventDate "2020.01.02"]
[EventType "tourn"]
[EventCountry "IRL"]
[SourceTitle "playchess.com"]
[Source "ChessBase"]
[SourceQuality "1"]

{[%evp 12,63,52,52,48,39,92,44,108,95,106,78,74,83,86,97,93,85,119,117,131,102,153,136,150,98,137,139,114,90,116,116,104,106,120,103,124,116,131,-41,73,-48,309,300,387,376,599,529,494,486,496,489,2100,1842]} 1. d4 e6 2. c4 f5 3. g3 Nf6 4. Bg2 Be7 5. Nh3 O-O 6. O-O d6 7. b3 c5 {A91: Classical Dutch: Early Deviations} (7... c6 8. Bb2 Qc7 9. Nd2 e5 10. c5 e4 11. cxd6 Bxd6 12. Nc4 Na6 13. Qc1 Be7 14. f3 Nb4 15. Nf2 exf3 16. Bxf3 {½-½ (31) Pert,N (2562)-Pert,R (2440) Coventry 2015}) 8. e3 $146 ({Predecessor:} 8. Nc3 cxd4 9. Qxd4 Nc6 10. Qd1 Kh8 11. Nf4 Bd7 12. e4 e5 13. Nfe2 fxe4 14. Nxe4 Nxe4 15. Bxe4 {0-1 (23) Jouin-Leroy France 1990}) 8... e5 (8... cxd4 $14 9. exd4 d5) 9. Bb2 Ng4 (9... cxd4 $14 10. exd4 Nc6) 10. dxe5 dxe5 11. Qe2 Nc6 12. f3 Nh6 13. Nc3 Qe8 14. Nd5 {Black must now prevent Nc7.} Bd8 15. Nf2 b6 16. a3 Ba6 ({Black should try} 16... a5 17. Nd3 Nf7) 17. Rad1 $16 Na5 18. Qd3 (18. Qc2 $142) 18... Rc8 19. a4 Bb7 20. Qc3 {Threatens to win with f4.} Bxd5 21. cxd5 Bf6 22. e4 c4 23. b4 Nb3 24. f4 {[%cal Rf4e5]} Nf7 {[#]} 25. Rfe1 $2 (25. d6 $1 $16 {[%cal Rd6d7] d7 is the strong threat.} Nd4 26. Rfe1) 25... Qxa4 (25... exf4 $1 $15 26. e5 Bxe5 27. Rxe5 Qxe5 28. Qxe5 Nxe5 29. Bxe5 c3) 26. Bh3 (26. d6 $16) 26... Rfe8 $2 {[%mdl 8192]} (26... Nd4 $1 $15 {stays ahead.} 27. Ba1 Qa2 28. fxe5 Nb5) 27. Bxf5 $18 exf4 28. e5 Nxe5 (28... Rxe5 $142 29. Bxc8 Rxe1+ 30. Qxe1 Bxb2) 29. Bxc8 {Strongly threatening Be6+.White is clearly winning.} Nd3 30. Rxe8+ Qxe8 31. Be6+ Kh8 {[#]} (31... Kf8 $142 32. Qxc4 Nxb2 33. Qxb3 Nxd1 34. Qxd1 Qg6) 32. Qxf6 $1 {[%mdl 576] Double Attack. Accuracy: White = 38%, Black = 25%.} 1-0

[Event "Irish New Year Events-IM2 2020"]
[Site "Dublin"]
[Date "2020.01.03"]
[Round "2.11"]
[White "Baburin, Alexander"]
[Black "Melaugh, Gavin"]
[Result "1-0"]
[WhiteElo "2419"]
[BlackElo "2076"]
[Annotator "ChessBase"]
[PlyCount "85"]
[EventDate "2020.01.02"]
[EventType "tourn"]
[EventCountry "IRL"]
[SourceTitle "playchess.com"]
[Source "ChessBase"]
[SourceQuality "1"]
[TimeControl "40/5400+30:1800+30"]

1. d4 {[%emt 0:00:11]} e6 {[%emt 0:14:17]} 2. c4 {[%emt 0:00:46]} f5 {[%emt 0:00:46]} 3. g3 {[%emt 0:00:16]} Nf6 {[%emt 0:00:06]} 4. Bg2 {[%emt 0:00:04]} Be7 {[%emt 0:00:07]} 5. Nf3 {[%emt 0:00:11]} O-O {[%emt 0:00:06]} 6. O-O {[%emt 0:00:11]} d6 {[%emt 0:00:04]} 7. b3 {[%emt 0:01:46]} Ne4 {[%emt 0:03:10]} 8. Bb2 {[%emt 0:02:18]} Bf6 {[%emt 0:00:11]} 9. Nbd2 {[%emt 0:04:08]} Nc6 {[%emt 0:03:52]} 10. Nxe4 {[%emt 0:07:31]} fxe4 {[%emt 0:00:18]} 11. Ne1 {[%emt 0:00:08]} d5 {[%emt 0:00:23]} 12. e3 {[%emt 0:00:13]} Ne7 {[%emt 0:16:39]} 13. f3 {[%emt 0:05:47]} Nf5 {[%emt 0:01:56]} 14. Qe2 {[%emt 0:02:17]} c5 {[%emt 0:12:00]} 15. fxe4 {[%emt 0:11:53]} dxe4 {[%emt 0:00:41]} 16. dxc5 {[%emt 0:01:15]} Bxb2 {[%emt 0:02:36]} 17. Qxb2 {[%emt 0:02:22]} Nxe3 {[%emt 0:01:16]} 18. Rxf8+ {[%emt 0:01:26]} Qxf8 {[%emt 0:00:11]} 19. Qf2 {[%emt 0:01:12]} Nxg2 {[%emt 0:09:25]} 20. Qxf8+ {[%emt 0:08:00]} Kxf8 {[%emt 0:00:05]} 21. Nxg2 {[%emt 0:00:06]} Bd7 {[%emt 0:01:42]} 22. Ne3 {[%emt 0:01:16]} Ke7 {[%emt 0:09:47]} 23. Kf2 {[%emt 0:08:10]} Be8 {[%emt 0:05:58]} 24. Ke2 {[%emt 0:02:54]} Bh5+ {[%emt 0:05:04]} 25. g4 {[%emt 0:02:39]} Bg6 {[%emt 0:00:26]} 26. h4 {[%emt 0:02:03]} h5 {[%emt 0:01:08]} 27. g5 {[%emt 0:01:45]} Rf8 {[%emt 0:03:48]} 28. Rf1 {[%emt 0:00:19]} Rc8 {[%emt 0:00:32]} 29. b4 {[%emt 0:00:47]} a5 {[%emt 0:00:14]} 30. a3 {[%emt 0:00:28]} axb4 {[%emt 0:00:04]} 31. axb4 {[%emt 0:00:09]} Ra8 {[%emt 0:00:10]} 32. Rd1 {[%emt 0:03:27]} Ra2+ {[%emt 0:01:18]} 33. Rd2 {[%emt 0:00:30]} Ra1 {[%emt 0:02:21]} 34. b5 {[%emt 0:00:41]} Rh1 {[%emt 0:01:44]} 35. Rd6 {[%emt 0:02:02]} Rh2+ {[%emt 0:02:38]} 36. Kf1 {[%emt 0:03:39]} Rh3 {[%emt 0:00:09]} 37. Kf2 {[%emt 0:00:16]} Rf3+ {[%emt 0:00:43]} 38. Ke2 {[%emt 0:25:54]} Rh3 39. Kf2 {[%emt 0:00:30]} Rh2+ 40. Kg3 {[%emt 0:00:30]} Re2 {[%emt 0:04:05]} 41. Kf4 {[%emt 0:30:30]} Bh7 {[%emt 0:30:30]} 42. g6 {[%emt 0:00:30]} Bxg6 {[%emt 0:00:30]} 43. Rb6 {[%emt 0:00:30]} 1-0

[Event "Irish New Year Events-IM2 2020"]
[Site "Dublin"]
[Date "2020.01.03"]
[Round "2.12"]
[White "Haque, Muhtarim-Ul"]
[Black "Kanyamarala, Trisha"]
[Result "1/2-1/2"]
[WhiteElo "2045"]
[BlackElo "2195"]
[Annotator "NA"]
[PlyCount "79"]
[EventDate "2020.01.02"]
[EventType "tourn"]
[EventCountry "IRL"]
[SourceTitle "playchess.com"]
[Source "ChessBase"]
[SourceQuality "1"]
[TimeControl "40/5400+30:1800+30"]

1. d4 {[%emt 0:00:00]} Nf6 {[%emt 0:00:00]} 2. c4 {[%emt 0:00:00]} e6 {[%emt 0:00:04]} 3. Nc3 {[%emt 0:00:00]} d5 {[%emt 0:00:55]} 4. Nf3 {[%emt 0:00:00]} c6 {[%emt 0:00:45]} 5. e3 {[%emt 0:00:13]} Bd6 {[%emt 0:02:42]} 6. Bd3 {[%emt 0:00:51]} Nbd7 {[%emt 0:02:07]} 7. O-O {[%emt 0:01:06]} dxc4 {[%emt 0:01:18]} 8. Bxc4 {[%emt 0:00:08]} b5 {[%emt 0:00:09] D46: Semi-Slav: 5 e3 Nbd7 6 Bd3, Black avoids the Meran} (8... O-O 9. e4 e5 10. Be3 Qe7 11. Bb3 exd4 12. Bxd4 Ne5 13. Nxe5 Bxe5 14. Bxe5 Qxe5 15. f4 Qc5+ 16. Kh1 Be6 17. e5 Rad8 18. Qf3 {1-0 (38) Yilmaz,M (2624)-Baryshpolets,A (2603) Ankara 2018}) 9. Bd3 {[%emt 0:00:56]} a6 {[%emt 0:03:37]} 10. Qe2 {[%emt 0:02:24]} O-O {[%emt 0:03:13]} 11. e4 {[%emt 0:10:20]} e5 {[%emt 0:03:28]} 12. dxe5 {[%emt 0:00:46]} Nxe5 {[%emt 0:00:08]} 13. Nxe5 {[%emt 0:00:11]} Bxe5 {[%emt 0:00:06]} 14. Bg5 $146 {[%emt 0:00:26]} ({Predecessor:} 14. Be3 Ng4 15. Rfd1 Bxh2+ 16. Kf1 Qh4 17. Qd2 Nxe3+ 18. Qxe3 Bf4 19. Qe1 Qh1+ 20. Ke2 Qxg2 21. Rdb1 Bg4# {0-1 (21) Gentner,M (2095)-Keim,P (1876) Hoersching 2015}) 14... h6 {[%emt 0:11:13]} 15. Bh4 {[%emt 0:00:41]} Qd6 {[%emt 0:00:45]} 16. Bg3 {[%emt 0:00:33]} Bxg3 {[%emt 0:01:24]} 17. hxg3 {[%emt 0:00:11]} Re8 {[%emt 0:00:54]} 18. Rfe1 {[%emt 0:01:32]} Qe5 {[%emt 0:02:43]} 19. Nd1 {[%emt 0:05:09]} c5 {[%emt 0:12:58]} 20. Ne3 {[%emt 0:02:45]} c4 {[%emt 0:02:43]} 21. Bc2 {[%emt 0:01:56]} Bb7 {[%emt 0:13:18]} 22. f4 {[%emt 0:01:37]} Qc5 {[%emt 0:03:12]} 23. e5 {[%emt 0:03:45]} Nd5 {[%emt 0:03:41]} 24. Kh2 {[%emt 0:00:48]} Nxe3 {[%emt 0:02:47]} 25. Qxe3 {[%emt 0:00:02]} Qxe3 {[%emt 0:00:52]} 26. Rxe3 {[%emt 0:00:01]} Rad8 {[%emt 0:00:11]} 27. Re2 {[%emt 0:00:22]} Re7 {[%emt 0:01:17]} 28. f5 {[%emt 0:03:32]} Bc8 {[%emt 0:06:44]} 29. Rf1 {[%emt 0:02:26]} Rd5 {[%emt 0:00:57]} 30. Rfe1 {[%emt 0:01:10]} Kf8 {[%emt 0:05:52]} 31. g4 {[%emt 0:04:39]} Rd4 {[%emt 0:01:00]} 32. Kg3 {[%emt 0:01:28]} Bb7 {[%emt 0:02:08]} 33. Rh1 {[%emt 0:06:56]} Rd5 $11 {[%emt 0:01:22]} 34. g5 {[%emt 0:06:37]} Rexe5 {[%emt 0:02:45]} 35. Rxe5 {[%emt 0:00:10]} Rxe5 {[%emt 0:00:04]} 36. gxh6 {[%emt 0:00:29]} gxh6 {[%emt 0:00:07]} 37. f6 {[%emt 0:02:52]} h5 {[%emt 0:05:57]} 38. Kf4 {[%emt 0:00:43]} Re6 {[%emt 0:01:55]} 39. Kg5 {[%emt 0:02:52]} Re5+ {[%emt 0:01:12]} 40. Kf4 {[%emt 0:00:08]} 1/2-1/2

[Event "Irish New Year Events-IM2 2020"]
[Site "Dublin"]
[Date "2020.01.03"]
[Round "2.13"]
[White "Froewis, Georg"]
[Black "Abdulla, Murad"]
[Result "1/2-1/2"]
[WhiteElo "2470"]
[BlackElo "2257"]
[Annotator "ChessBase"]
[PlyCount "68"]
[EventDate "2020.01.02"]
[EventType "tourn"]
[EventCountry "IRL"]
[SourceTitle "playchess.com"]
[Source "ChessBase"]
[SourceQuality "1"]
[TimeControl "40/5400+30:1800+30"]

1. Nf3 {[%emt 0:00:00]} Nf6 {[%emt 0:00:00]} 2. b3 {[%emt 0:00:39]} c5 {[%emt 0:05:10]} 3. Bb2 {[%emt 0:00:08]} Nc6 {[%emt 0:02:51]} 4. c4 {[%emt 0:01:38]} g6 {[%emt 0:03:20]} 5. g3 {[%emt 0:05:30]} Bg7 {[%emt 0:00:27]} 6. Bg2 {[%emt 0:00:04]} O-O {[%emt 0:00:18]} 7. O-O {[%emt 0:00:03]} d5 {[%emt 0:01:56]} 8. cxd5 {[%emt 0:00:04]} Nxd5 {[%emt 0:01:10]} 9. Bxg7 {[%emt 0:00:04]} Kxg7 {[%emt 0:00:12]} 10. Qc1 {[%emt 0:00:03]} Qd6 {[%emt 0:14:12]} 11. Nc3 {[%emt 0:07:08]} Nxc3 {[%emt 0:16:19]} 12. Qxc3+ {[%emt 0:00:51]} Kg8 {[%emt 0:00:16]} 13. Rfc1 {[%emt 0:07:20]} b6 {[%emt 0:03:22]} 14. d4 {[%emt 0:02:14]} Nxd4 {[%emt 0:01:16]} 15. Nxd4 {[%emt 0:00:06]} cxd4 {[%emt 0:00:28]} 16. Qc7 {[%emt 0:00:15]} Rb8 {[%emt 0:05:06]} 17. Qxd6 {[%emt 0:13:29]} exd6 {[%emt 0:00:07]} 18. Rd1 {[%emt 0:00:05]} Ba6 {[%emt 0:06:04]} 19. Rxd4 {[%emt 0:01:40]} Bxe2 {[%emt 0:00:42]} 20. Re1 {[%emt 0:00:22]} Bb5 {[%emt 0:16:57]} 21. a4 {[%emt 0:07:32]} Rfe8 {[%emt 0:02:03]} 22. Red1 {[%emt 0:17:26]} Bd7 {[%emt 0:04:35]} 23. Rxd6 {[%emt 0:01:42]} Bg4 {[%emt 0:00:24]} 24. Rc1 {[%emt 0:00:52]} Rbd8 {[%emt 0:01:43]} 25. Rxd8 {[%emt 0:14:52]} Rxd8 {[%emt 0:00:06]} 26. Bf1 {[%emt 0:00:19]} Be6 {[%emt 0:02:24]} 27. Rb1 {[%emt 0:08:23]} Rd2 {[%emt 0:02:26]} 28. Bb5 {[%emt 0:03:29]} Kf8 {[%emt 0:01:53]} 29. Kf1 {[%emt 0:00:53]} Bf5 {[%emt 0:02:18]} 30. Rc1 {[%emt 0:00:43]} Bd3+ {[%emt 0:00:52]} 31. Bxd3 {[%emt 0:00:11]} Rxd3 {[%emt 0:00:04]} 32. Rb1 {[%emt 0:00:30]} Rd2 {[%emt 0:00:08]} 33. Re1 {[%emt 0:00:38]} Rd3 {[%emt 0:00:33]} 34. Rb1 {[%emt 0:00:57]} Rd2 {[%emt 0:01:14]} 1/2-1/2

[Event "Irish New Year Events-IM2 2020"]
[Site "Dublin"]
[Date "2020.01.03"]
[Round "2.14"]
[White "Alienkin, Aleksander"]
[Black "Carroll, Peter"]
[Result "1-0"]
[WhiteElo "2382"]
[BlackElo "2087"]
[Annotator "ChessBase"]
[PlyCount "63"]
[EventDate "2020.01.02"]
[EventType "tourn"]
[EventCountry "IRL"]
[SourceTitle "playchess.com"]
[Source "ChessBase"]
[SourceQuality "1"]
[TimeControl "40/5400+30:1800+30"]

1. d4 {[%emt 0:00:00]} Nf6 {[%emt 0:00:00]} 2. Nf3 {[%emt 0:00:01]} g6 {[%emt 0:00:29]} 3. c4 {[%emt 0:03:30]} Bg7 {[%emt 0:01:31]} 4. Nc3 {[%emt 0:03:23]} O-O {[%emt 0:00:06]} 5. e4 {[%emt 0:00:14]} d6 {[%emt 0:00:05]} 6. Be2 {[%emt 0:00:14]} e5 {[%emt 0:00:05]} 7. O-O {[%emt 0:00:41]} exd4 {[%emt 0:00:49]} 8. Nxd4 {[%emt 0:00:25]} Nc6 {[%emt 0:00:04]} 9. Be3 {[%emt 0:04:48]} Re8 {[%emt 0:00:27]} 10. f3 {[%emt 0:02:25]} Nh5 {[%emt 0:00:15]} 11. Nxc6 {[%emt 0:06:56]} bxc6 {[%emt 0:00:06]} 12. Qd2 {[%emt 0:00:12]} c5 {[%emt 0:03:34]} 13. Rad1 {[%emt 0:03:18]} Bb7 14. Qc1 {[%emt 0:15:07]} Qe7 {[%emt 0:10:48]} 15. Bg5 {[%emt 0:03:29]} f6 {[%emt 0:02:05]} 16. Bh4 {[%emt 0:15:36]} g5 {[%emt 0:03:56]} 17. Bf2 {[%emt 0:02:52]} f5 {[%emt 0:05:07]} 18. exf5 {[%emt 0:08:45]} Bxc3 {[%emt 0:09:10]} 19. bxc3 {[%emt 0:00:59]} Nf4 {[%emt 0:01:40]} 20. Bd3 {[%emt 0:00:19]} Qf7 {[%emt 0:00:38]} 21. Qd2 {[%emt 0:08:17]} Qh5 {[%emt 0:07:42]} 22. Bg3 {[%emt 0:02:46]} Nxd3 {[%emt 0:02:04]} 23. Qxd3 {[%emt 0:00:05]} g4 {[%emt 0:00:18]} 24. fxg4 {[%emt 0:01:37]} Qxg4 {[%emt 0:00:07]} 25. f6 {[%emt 0:01:18]} Re2 {[%emt 0:03:11]} 26. Rd2 {[%emt 0:04:14]} Re4 {[%emt 0:07:51]} 27. f7+ {[%emt 0:02:22]} Kg7 {[%emt 0:01:36]} 28. Bxd6 {[%emt 0:01:51]} cxd6 {[%emt 0:07:00]} 29. Qxd6 {[%emt 0:00:15]} Qc8 {[%emt 0:00:49]} 30. Qf6+ {[%emt 0:00:33]} Kf8 {[%emt 0:00:03]} 31. Qh6+ {[%emt 0:00:13]} Ke7 {[%emt 0:00:09]} 32. Qd6# {[%emt 0:00:09]} 1-0

[Event "Irish New Year Events-IM2 2020"]
[Site "Dublin"]
[Date "2020.01.03"]
[Round "2.15"]
[White "Han, Yichen"]
[Black "Daly, Colm"]
[Result "1/2-1/2"]
[WhiteElo "2257"]
[BlackElo "2238"]
[Annotator "TA"]
[PlyCount "69"]
[EventDate "2020.01.02"]
[EventType "tourn"]
[EventCountry "IRL"]
[SourceTitle "playchess.com"]
[Source "ChessBase"]
[SourceQuality "1"]

{[%evp 14,69,21,15,20,14,18,21,33,27,22,19,22,20,22,26,22,22,29,22,31,22,22,-22,-21,-31,-29,-22,-30,-31,-27,-34,-33,-31,-31,-31,-35,-37,-41,-50,-37,-38,-33,-72,-17,-24,0,0,0,0,0,-2,0,-3,0,0,0,0]} 1. d4 Nf6 2. Nf3 e6 3. Bf4 c5 4. e3 cxd4 5. exd4 b6 6. Bd3 Bb7 7. Nbd2 Be7 8. h3 O-O {A47: 1 d4 Nf6 2 Nf3 b6: Torre, London and Colle Systems} 9. O-O d6 10. Re1 (10. a4 a6 11. c4 Nc6 12. Qb3 d5 13. c5 Nd7 14. Rfc1 a5 15. cxb6 Nxb6 {0-1 (36) Naiditsch,A (2705)-Ponomariov,R (2694) Riadh 2017}) 10... Re8 11. c3 Nbd7 12. Bh2 a6 13. a4 $146 ({Predecessor:} 13. Rc1) 13... Bf8 14. Nc4 Qc7 15. Qe2 Rad8 16. Ncd2 Ra8 17. Rac1 Qc6 18. Ne4 (18. Nc4 {seems wilder.} g6 19. Rcd1 Nd5 20. Ra1 N5f6 21. Qd2) 18... Nxe4 19. Bxe4 Qxe4 20. Qxe4 Bxe4 21. Rxe4 b5 22. Ra1 Rec8 23. Ree1 Nb6 24. axb5 axb5 25. Nd2 d5 26. Rec1 b4 27. Rxa8 Rxa8 28. Bc7 bxc3 (28... Na4 $17 29. Ra1 Rc8 30. Rxa4 Rxc7) 29. bxc3 $11 Ra2 30. Bxb6 {[#] Nf1 is the strong threat.The position is equal.} Rxd2 31. c4 dxc4 32. Rxc4 {aiming for Rc8.} Rd1+ 33. Kh2 {And now Rc8 would win.} f6 34. Rc8 {[#] Black must now prevent Bc5.} Kf7 35. Bc5 {Accuracy: White = 57%, Black = 56%.} 1/2-1/2